[Event "15th Delhi Open 2017"]
[Site "New Delhi IND"]
[Date "2017.01.13"]
[Round "7.7"]
[White "Das, Sayantan"]
[Black "Sunilduth Lyna, Narayanan"]
[Result "0-1"]
[WhiteTitle "IM"]
[BlackTitle "GM"]
[WhiteElo "2371"]
[BlackElo "2541"]
[WhiteFideId "5034426"]
[BlackFideId "5058422"]
[EventDate "2017.01.09"]

1. e4 c6 2. d4 d5 3. e5 Bf5 4. Nf3 e6 5. Be2 Ne7 6. O-O h6 7. Nc3 Nd7 8. Nh4 Bh7
9. f4 c5 10. Be3 cxd4 11. Bxd4 Nc6 12. Nf3 Bc5 13. Nb5 O-O 14. Kh1 Qb6 15. Bc3
Be3 16. Bd2 a6 17. Nd6 Bc5 18. Bc3 Bxd6 19. exd6 Qc5 20. Qd2 Qxd6 21. b4 Qe7 22.
a3 Rac8 23. Bb2 Nf6 24. Bd3 Ne4 25. Qe3 Nd6 26. g4 Be4 27. Kg1 f6 28. Rae1 b5
29. Nd2 f5 30. Rf2 Qh4 31. Nf3 Qe7 32. Nd2 Rf7 33. Qg3 Rcf8 34. h3 Nc4 35. Ba1
Bxd3 36. cxd3 Nxd2 37. Rxd2 fxg4 38. Qxg4 Rxf4 39. Qxe6+ Qxe6 40. Rxe6 Rf1+ 41.
Kg2 Nd8 0-1

[Event "15th Delhi Open 2017"]
[Site "New Delhi IND"]
[Date "2017.01.13"]
[Round "7.8"]
[White "Roy Chowdhury, Saptarshi"]
[Black "Tukhaev, Adam"]
[Result "1/2-1/2"]
[WhiteTitle "GM"]
[BlackTitle "GM"]
[WhiteElo "2351"]
[BlackElo "2516"]
[WhiteFideId "5002974"]
[BlackFideId "14109476"]
[EventDate "2017.01.09"]

1. d4 Nf6 2. Nf3 g6 3. Nbd2 Bg7 4. e4 d6 5. Bd3 O-O 6. O-O Nc6 7. c3 e5 8. h3 a5
9. dxe5 dxe5 10. Bb5 Qe7 11. Re1 Na7 12. Bf1 b6 13. Nc4 Bb7 14. Qc2 Nc6 15. a4
Rfd8 16. b3 h6 17. Ne3 Na7 18. Nc4 Nc6 19. Ne3 Na7 20. Nc4 Nc6 1/2-1/2

[Event "15th Delhi Open 2017"]
[Site "New Delhi IND"]
[Date "2017.01.13"]
[Round "7.9"]
[White "Deviatkin, Andrei"]
[Black "Rakesh, Kumar Jena"]
[Result "1/2-1/2"]
[WhiteTitle "GM"]
[BlackTitle "FM"]
[WhiteElo "2499"]
[BlackElo "2335"]
[WhiteFideId "4121260"]
[BlackFideId "5084822"]
[EventDate "2017.01.09"]

1. d4 d5 2. Bf4 c5 3. e3 Nc6 4. c3 Nf6 5. Nd2 Qb6 6. Qb3 c4 7. Qc2 g6 8. h3 Bf5
9. Qc1 Bg7 10. Ngf3 O-O 11. Be2 Nd7 12. O-O e5 13. Nxe5 Ncxe5 14. dxe5 Nc5 15.
Nf3 Bd3 16. Re1 Rfe8 17. Qd2 Ne4 18. Qc1 Nc5 19. Qd2 Ne4 20. Qc1 Nc5 1/2-1/2

[Event "15th Delhi Open 2017"]
[Site "New Delhi IND"]
[Date "2017.01.13"]
[Round "7.11"]
[White "Grover, Sahaj"]
[Black "Sidhant, Mohapatra"]
[Result "1-0"]
[WhiteTitle "GM"]
[WhiteElo "2467"]
[BlackElo "2267"]
[WhiteFideId "5021103"]
[BlackFideId "5028698"]
[EventDate "2017.01.09"]

1. e4 c5 2. Nf3 d6 3. Bb5+ Nd7 4. O-O a6 5. Bd3 Ngf6 6. c3 b5 7. Bc2 e5 8. d4
Qc7 9. a4 Rb8 10. axb5 axb5 11. b4 cxd4 12. cxd4 Be7 13. Na3 O-O 14. d5 Ba6 15.
Qe2 Nb6 16. Bd2 Rfc8 17. Bd3 Na4 18. Rfc1 Qb7 19. Rxc8+ Rxc8 20. Bxb5 Ra8 21.
Bxa6 Qxa6 22. Qxa6 Rxa6 23. Re1 Nb2 24. Nb5 Nd3 25. Re3 Ra1+ 26. Ne1 Rd1 27.
Rxd3 Nxe4 28. Nc3 1-0

[Event "15th Delhi Open 2017"]
[Site "New Delhi IND"]
[Date "2017.01.13"]
[Round "7.12"]
[White "Dzhumaev, Marat"]
[Black "Sangma, Rahul"]
[Result "1-0"]
[WhiteTitle "GM"]
[BlackTitle "IM"]
[WhiteElo "2457"]
[BlackElo "2314"]
[WhiteFideId "14200236"]
[BlackFideId "5013615"]
[EventDate "2017.01.09"]

1. e4 e5 2. Nf3 Nc6 3. d4 exd4 4. Nxd4 Nf6 5. Nc3 Bb4 6. Nxc6 bxc6 7. Bd3 d5 8.
exd5 cxd5 9. O-O O-O 10. h3 c6 11. Qf3 Re8 12. Bg5 h6 13. Bh4 Be7 14. Rfe1 Be6
15. Ne2 Nd7 16. Bxe7 Qxe7 17. Nd4 Qd6 18. Rad1 c5 19. Nxe6 Rxe6 20. c4 Rae8 21.
Rxe6 fxe6 22. cxd5 exd5 23. Bb5 a6 24. Bxa6 Qxa6 25. Qxd5+ Qe6 26. Qxe6+ Rxe6
27. Rxd7 Re1+ 28. Kh2 Re2 29. Rb7 Rxf2 30. a4 Rf1 31. a5 Ra1 32. Rb5 c4 33. Kg3
Kf7 34. Kf3 Rc1 35. Ke2 Rc2+ 36. Ke3 c3 37. Kd3 Rxg2 38. Kxc3 Rg3+ 39. Kb4 Rxh3
40. a6 Rh4+ 41. Ka5 Rh1 42. a7 Ra1+ 43. Kb6 Rxa7 44. Kxa7 g5 45. b4 g4 46. Rc5 1-0

[Event "15th Delhi Open 2017"]
[Site "New Delhi IND"]
[Date "2017.01.13"]
[Round "7.13"]
[White "Murshed, Niaz"]
[Black "Masango, Spencer"]
[Result "1-0"]
[WhiteTitle "GM"]
[WhiteElo "2444"]
[BlackElo "2198"]
[WhiteFideId "10200010"]
[BlackFideId "14300753"]
[EventDate "2017.01.09"]

1. d4 d5 2. c4 c6 3. Nc3 Nf6 4. Nf3 e6 5. Bg5 dxc4 6. e4 h6 7. Bxf6 Qxf6 8. Bxc4
Nd7 9. O-O e5 10. dxe5 Nxe5 11. Nxe5 Qxe5 12. Qb3 Qc7 13. e5 h5 14. Nb5 cxb5 15.
Bxb5+ Bd7 16. Rac1 Bc5 17. e6 O-O 18. exd7 a6 19. Ba4 Qe5 20. Qd3 Rfd8 21. b3 g6
22. Rfe1 Qg5 23. h4 Bxf2+ 24. Kxf2 Qxh4+ 25. Kf1 1-0

[Event "15th Delhi Open 2017"]
[Site "New Delhi IND"]
[Date "2017.01.13"]
[Round "7.14"]
[White "Deshmukh, Anup"]
[Black "Saptarshi, Roy"]
[Result "0-1"]
[WhiteTitle "IM"]
[BlackTitle "IM"]
[WhiteElo "2244"]
[BlackElo "2418"]
[WhiteFideId "5000564"]
[BlackFideId "5008980"]
[EventDate "2017.01.09"]

1. c4 e6 2. d4 d5 3. Nf3 c6 4. Nc3 dxc4 5. e4 b5 6. a4 Bb4 7. Bd2 Nf6 8. axb5
Bxc3 9. bxc3 cxb5 10. e5 Ne4 11. Qb1 Qd5 12. Ra5 a6 13. Bxc4 Qxc4 14. Qxe4 Nc6
15. Ra1 Bb7 16. Qe2 Qxe2+ 17. Kxe2 Ne7 18. Ne1 Bd5 19. Nc2 Bxg2 20. Rhg1 Be4 21.
f3 Bg6 22. Nb4 a5 23. Bg5 Nd5 24. Nxd5 exd5 25. Ra2 Kd7 26. Rga1 a4 27. Bc1 Rhc8
28. Kd2 Bh5 29. f4 b4 30. cxb4 Rc4 31. Bb2 Rac8 32. Rc1 Rxc1 33. Bxc1 Rc4 34.
Rxa4 Rxd4+ 35. Ke3 Re4+ 36. Kf2 Ke6 37. Ra6+ Kf5 38. b5 Rb4 39. b6 d4 40. e6
fxe6 41. Ra5+ Kg4 42. Rg5+ Kh4 43. Rxg7 Rxb6 44. Rxh7 Rc6 45. Bd2 Rc2 46. Ke1
Kg4 47. h3+ Kh4 48. Bb4 e5 49. fxe5 Re2+ 50. Kf1 Rxe5 51. Re7 Rf5+ 52. Ke1 Kxh3
53. Kd2 Bg6 54. Rd7 Rf2+ 55. Ke1 Rf4 56. Rg7 Bf5 57. Bc5 d3 58. Be3 Ra4 59. Ra7
Rb4 60. Bd2 Re4+ 61. Kd1 Bg4+ 62. Kc1 Rc4+ 63. Kb1 Kg3 64. Ra3 Kf2 65. Rc3 Ra4
66. Rb3 Ke2 67. Rb2 Bf5 0-1

[Event "15th Delhi Open 2017"]
[Site "New Delhi IND"]
[Date "2017.01.13"]
[Round "7.15"]
[White "Pranav, Shetty"]
[Black "Ravi, Teja S."]
[Result "1/2-1/2"]
[BlackTitle "IM"]
[WhiteElo "2199"]
[BlackElo "2388"]
[WhiteFideId "5035058"]
[BlackFideId "5017220"]
[EventDate "2017.01.09"]

1. e4 c6 2. d4 d5 3. Nd2 dxe4 4. Nxe4 Bf5 5. Ng3 Bg6 6. h4 h6 7. Nf3 e6 8. Ne5
Bh7 9. Bd3 Bxd3 10. Qxd3 Nf6 11. Bf4 Qa5+ 12. c3 Qa6 13. Ne4 Qxd3 14. Nxf6+ gxf6
15. Nxd3 h5 16. a4 a5 17. O-O-O Na6 18. Kc2 O-O-O 19. b3 Nc7 20. Rhe1 Rg8 21. g3
b6 22. Re2 Kb7 23. Bc1 Nd5 24. Bd2 Ne7 25. Nf4 Rh8 26. Bc1 Nf5 27. Bb2 Bd6 28.
Ng2 Bc7 29. c4 Rhe8 30. Red2 Rc8 31. Re2 Rcd8 32. Red2 Rc8 33. Re2 Bd6 34. Bc3
Rg8 35. Ne1 Ne7 36. Nf3 Rgd8 37. Kb2 Ng6 38. Red2 Be7 39. Kc2 Rd7 40. Rd3 Rcd8
41. R3d2 Bd6 42. Re1 Bc7 43. Red1 f5 44. Ne5 Bxe5 45. dxe5 Rxd2+ 46. Rxd2 Rxd2+
47. Kxd2 c5 48. Ke3 Kc6 1/2-1/2

[Event "15th Delhi Open 2017"]
[Site "New Delhi IND"]
[Date "2017.01.13"]
[Round "7.16"]
[White "Lalith, Babu M R"]
[Black "Lahiri, Atanu"]
[Result "1-0"]
[WhiteTitle "GM"]
[BlackTitle "IM"]
[WhiteElo "2587"]
[BlackElo "2291"]
[WhiteFideId "5024595"]
[BlackFideId "5002818"]
[EventDate "2017.01.09"]

1. d4 e6 2. Nf3 f5 3. c4 Nf6 4. Bf4 d6 5. Nc3 b6 6. g3 Bb7 7. Bg2 Qe7 8. O-O g6
9. c5 Nd5 10. cxd6 cxd6 11. Nxd5 Bxd5 12. Rc1 Qd7 13. e4 fxe4 14. Nd2 Be7 15.
Bh6 Nc6 16. Nxe4 Bxe4 17. Bxe4 d5 18. Bd3 Nb4 19. Be2 Nxa2 20. Ra1 Nb4 21. Re1
Nc6 22. Bb5 a6 23. Qg4 1-0

[Event "15th Delhi Open 2017"]
[Site "New Delhi IND"]
[Date "2017.01.13"]
[Round "7.17"]
[White "Sammed Jaykumar, Shete"]
[Black "Bernadskiy, Vitaliy"]
[Result "1-0"]
[BlackTitle "GM"]
[WhiteElo "2282"]
[BlackElo "2540"]
[WhiteFideId "5073421"]
[BlackFideId "14100371"]
[EventDate "2017.01.09"]

1. e4 c6 2. d4 d5 3. e5 Bf5 4. Nf3 e6 5. Be2 Nd7 6. O-O Bg6 7. a4 Nh6 8. a5 Nf5
9. a6 b6 10. c3 h5 11. Nbd2 Be7 12. b4 h4 13. h3 Bh5 14. Nb3 c5 15. dxc5 bxc5
16. bxc5 Bxf3 17. Bxf3 Nxe5 18. Nd4 g6 19. Re1 Nxf3+ 20. Qxf3 Rh5 21. Qg4 Ng7
22. Rb1 Bxc5 23. Nxe6 Nxe6 24. Rxe6+ fxe6 25. Qxg6+ Kd7 26. Rb7+ Kc6 27. Qxh5
Rb8 28. Qf7 Rxb7 29. Qxb7+ Kd6 30. Qf7 e5 31. Qg6+ Kd7 32. Qf5+ Kd6 33. Bg5 Qa5
34. Qf6+ Kd7 35. Qf7+ Kc6 36. Qe8+ Kd6 37. Be7+ 1-0

[Event "15th Delhi Open 2017"]
[Site "New Delhi IND"]
[Date "2017.01.13"]
[Round "7.18"]
[White "Gajwa, Ankit"]
[Black "Movsziszian, Karen"]
[Result "0-1"]
[WhiteTitle "FM"]
[BlackTitle "GM"]
[WhiteElo "2275"]
[BlackElo "2507"]
[WhiteFideId "5077834"]
[BlackFideId "13301152"]
[EventDate "2017.01.09"]

1. e4 g6 2. d4 Bg7 3. Nc3 d6 4. Nf3 a6 5. Be3 Nd7 6. Bd3 e5 7. dxe5 dxe5 8. Bc4
Ngf6 9. a4 b6 10. O-O O-O 11. Qd3 Bb7 12. Ba2 Qe7 13. Qc4 c6 14. b4 b5 15. Qb3
h6 16. h3 Rac8 17. Ne1 c5 18. bxc5 Nxe4 19. Nxe4 Bxe4 20. axb5 axb5 21. Qxb5 Kh7 0-1

[Event "15th Delhi Open 2017"]
[Site "New Delhi IND"]
[Date "2017.01.13"]
[Round "7.19"]
[White "Stopa, Jacek"]
[Black "Tokhirjonova, Gulrukhbegim"]
[Result "1/2-1/2"]
[WhiteTitle "GM"]
[BlackTitle "WGM"]
[WhiteElo "2479"]
[BlackElo "2284"]
[WhiteFideId "1119591"]
[BlackFideId "14203626"]
[EventDate "2017.01.09"]

1. b3 e5 2. Bb2 Nc6 3. e3 Nf6 4. g3 d5 5. Bg2 Bf5 6. d3 Be7 7. h3 h5 8. Nd2 Qd7
9. e4 dxe4 10. dxe4 Bh7 11. Qe2 O-O-O 12. Ngf3 Bd6 13. O-O h4 14. Nxh4 g5 15.
Nf5 Bxf5 16. exf5 Qxf5 17. Qf3 Qe6 18. g4 Be7 19. Nc4 Nd5 20. Rfe1 f6 21. Bc1
Ndb4 22. Qe4 Rd4 23. Qe2 Nd5 24. Be3 Nxe3 25. fxe3 Rdd8 26. Be4 Kb8 27. Qf3 Bb4
28. Red1 Rxd1+ 29. Rxd1 Rd8 30. Bxc6 Rxd1+ 31. Qxd1 bxc6 32. Qd8+ Kb7 33. e4 Be7
34. Qd3 Bc5+ 35. Kg2 Kc8 36. Qf1 Qe7 37. Na5 Qd6 38. Qd3 Qxd3 39. cxd3 Kd7 40.
Nc4 Bd4 41. Kg3 Bc3 42. Kf2 Bd4+ 43. Ke2 Ke6 44. Kd2 Kd7 45. Kc2 Kc8 46. Na5 Kd7
47. b4 Bf2 48. Kb3 Be3 49. Nb7 Bf2 50. Kc4 Bg1 51. Nc5+ Kd6 52. Na6 Bf2 53. Nb8
Be3 54. Na6 Bf2 55. a3 Bg1 56. Nb8 Bf2 57. a4 Bg1 58. b5 cxb5+ 59. axb5 Bf2 60.
Nc6 a6 61. Na5 axb5+ 62. Kxb5 Kd7 63. Nc6 Bg1 64. Nb4 Kd6 65. Kc4 c6 1/2-1/2

[Event "15th Delhi Open 2017"]
[Site "New Delhi IND"]
[Date "2017.01.13"]
[Round "7.20"]
[White "Kulkarni, Vinayak"]
[Black "Shyaamnikhil, P"]
[Result "0-1"]
[BlackTitle "IM"]
[WhiteElo "2268"]
[BlackElo "2446"]
[WhiteFideId "5021332"]
[BlackFideId "5024218"]
[EventDate "2017.01.09"]

1. d4 Nf6 2. c4 b6 3. Nc3 Bb7 4. f3 d5 5. Bg5 e6 6. e3 Be7 7. Bd3 O-O 8. Nge2
Nbd7 9. O-O c5 10. Qd2 h6 11. Bh4 cxd4 12. Nxd4 Nc5 13. cxd5 Nxd3 14. Qxd3 Nxd5
15. Bxe7 Nxe7 16. Rfd1 Ng6 17. Qb5 a6 18. Qh5 Qf6 19. Nde2 Rac8 20. Ng3 Rc4 21.
f4 Nh4 22. Qe2 b5 23. e4 Qxf4 24. Rd7 Bc8 25. Rf1 Qe5 26. Rd2 Ng6 27. Kh1 Bb7
28. a3 Rd4 29. Rc2 Rfd8 30. Qf2 R4d7 31. Qf3 Qg5 32. Qe2 Rd2 33. Rxd2 Rxd2 34.
Qe1 Rxb2 35. Nd1 Rd2 36. Nc3 Ne5 37. Qc1 Nd3 38. Qb1 Nf2+ 39. Kg1 Qc5 0-1

[Event "15th Delhi Open 2017"]
[Site "New Delhi IND"]
[Date "2017.01.13"]
[Round "7.21"]
[White "Rathnakaran, K."]
[Black "Kurbonboeva, Sarvinoz"]
[Result "0-1"]
[WhiteTitle "IM"]
[BlackTitle "WIM"]
[WhiteElo "2428"]
[BlackElo "2274"]
[WhiteFideId "5005507"]
[BlackFideId "14201780"]
[EventDate "2017.01.09"]

1. e4 c5 2. Nf3 d6 3. d4 cxd4 4. Nxd4 Nf6 5. Nc3 g6 6. Be3 Bg7 7. f3 Nc6 8. Qd2
O-O 9. O-O-O d5 10. Kb1 Nxd4 11. Bxd4 dxe4 12. Qe1 Qa5 13. Bc4 e5 14. Be3 exf3
15. gxf3 Bf5 16. Qh4 Rac8 17. Bg5 b5 18. Bb3 Rc6 19. Rhe1 b4 20. Ne4 Nxe4 21.
fxe4 Be6 22. Bd8 Qb5 23. Rd5 Qa6 24. Be7 Rb8 25. Bxb4 Bf6 26. Qxf6 Bxd5 27. Qxe5
Bxb3 28. Qxb8+ Rc8 29. Qxc8+ Qxc8 30. axb3 Qh3 31. Bd6 Qg2 32. Be5 Qd2 33. Rg1
Qe2 34. Bc3 Qxe4 35. Re1 Qc6 36. b4 a6 37. h4 f5 38. Bd4 f4 39. b3 f3 40. Kb2
Qd6 41. Kc3 Qg3 42. Rf1 Qf4 43. Rf2 h6 44. Kd3 g5 45. hxg5 hxg5 46. Rf1 g4 47.
Rg1 Qf5+ 48. Kc3 Kf7 49. Bf2 Qe5+ 50. Bd4 Qf4 51. Kd3 f2 52. Rf1 g3 53. Be3 Qf3
54. c4 Kg6 55. b5 axb5 56. cxb5 g2 57. Rxf2 Qd5+ 58. Kc3 g1=Q 59. Rf6+ Kxf6 60.
Bxg1 Qf3+ 61. Kc4 Qf1+ 0-1

[Event "15th Delhi Open 2017"]
[Site "New Delhi IND"]
[Date "2017.01.13"]
[Round "7.22"]
[White "Hesham, Abdelrahman"]
[Black "Arjun, Kalyan"]
[Result "1/2-1/2"]
[WhiteTitle "GM"]
[WhiteElo "2418"]
[BlackElo "2269"]
[WhiteFideId "10600183"]
[BlackFideId "35018701"]
[EventDate "2017.01.09"]

1. d4 d5 2. c4 c6 3. Nf3 Nf6 4. e3 Bf5 5. Nc3 e6 6. Nh4 Be4 7. f3 Bg6 8. Qb3 Qc7
9. Bd2 Be7 10. Rc1 Ne4 11. fxe4 Bxh4+ 12. g3 dxc4 13. Bxc4 Be7 14. O-O Nd7 15.
a4 Rd8 16. a5 O-O 17. Rf2 Nf6 18. e5 Ne4 19. Nxe4 Bxe4 20. Rcf1 Bd5 21. Qc2 Bxc4
22. Qxc4 Qd7 23. Qe2 f6 24. exf6 Rxf6 25. Bc3 Rxf2 26. Rxf2 Rf8 27. Rxf8+ Bxf8
28. Qg4 c5 29. h4 cxd4 30. Bxd4 a6 31. h5 Qf7 32. Qe4 Qd7 33. Qg4 Qf7 34. e4 Qd7
35. Bc3 Kf7 36. Kf2 Qd3 37. Qf4+ Kg8 38. Qe5 Qc2+ 39. Ke1 Qc1+ 40. Ke2 Qc2+ 41.
Ke3 Qc1+ 42. Kd3 Qd1+ 43. Kc4 Qe2+ 1/2-1/2

[Event "15th Delhi Open 2017"]
[Site "New Delhi IND"]
[Date "2017.01.13"]
[Round "7.23"]
[White "Raghunandan, Kaumandur Srihari"]
[Black "Shashikant, Kutwal"]
[Result "0-1"]
[WhiteTitle "IM"]
[WhiteElo "2416"]
[BlackElo "2257"]
[WhiteFideId "25004964"]
[BlackFideId "5006520"]
[EventDate "2017.01.09"]

1. Nf3 Nf6 2. g3 g6 3. Bg2 Bg7 4. O-O O-O 5. d3 d6 6. e4 c5 7. Re1 Nc6 8. c3 Bg4
9. h3 Bxf3 10. Qxf3 Nd7 11. a4 a6 12. Qg4 Rb8 13. f4 Qc7 14. Be3 b5 15. axb5
axb5 16. Nd2 Ra8 17. Qf3 Rxa1 18. Rxa1 Rc8 19. Qd1 b4 20. Qc1 Qb6 21. Qc2 Rb8
22. Nc4 Qb5 23. Kh2 Nb6 24. Nd2 bxc3 25. bxc3 Nb4 26. cxb4 Bxa1 27. bxc5 dxc5
28. Qxc5 Qxd3 29. Qc7 Nd7 30. Nc4 Rb4 31. Qd8+ Kg7 32. Nb6 Ne5 33. Qxe7 Qxe3 34.
Qxb4 Bd4 35. Qb1 Nf3+ 36. Bxf3 Qxf3 37. Nd5 Bf2 38. Qa1+ Kh6 0-1

[Event "15th Delhi Open 2017"]
[Site "New Delhi IND"]
[Date "2017.01.13"]
[Round "7.24"]
[White "Gukesh, D"]
[Black "Vignesh, N R"]
[Result "0-1"]
[WhiteTitle "CM"]
[BlackTitle "IM"]
[WhiteElo "2236"]
[BlackElo "2414"]
[WhiteFideId "46616543"]
[BlackFideId "25012215"]
[EventDate "2017.01.09"]

1. e4 c5 2. Nf3 d6 3. d4 cxd4 4. Nxd4 Nf6 5. Nc3 a6 6. g3 e6 7. Bg2 Be7 8. O-O
Qc7 9. a4 Nc6 10. Be3 O-O 11. Nb3 b6 12. f4 Bb7 13. g4 Rfe8 14. g5 Nd7 15. Qh5
g6 16. Qh4 Nb4 17. Nd4 Bf8 18. Rf3 Bg7 19. Rh3 Nf8 20. e5 Bxg2 21. Kxg2 Qb7+ 22.
Kg1 Rac8 23. exd6 Rc4 24. Qf2 e5 25. fxe5 Rxe5 26. Rd1 Qd7 27. Kg2 Nd5 28. Nde2
Qg4+ 29. Rg3 Nxe3+ 30. Kg1 Nxd1 31. Rxg4 Rxg4+ 0-1

[Event "15th Delhi Open 2017"]
[Site "New Delhi IND"]
[Date "2017.01.13"]
[Round "7.25"]
[White "Mohammad, Nubairshah Shaikh"]
[Black "Patil, Pratik"]
[Result "1/2-1/2"]
[WhiteTitle "IM"]
[WhiteElo "2412"]
[BlackElo "2208"]
[WhiteFideId "5053196"]
[BlackFideId "5038758"]
[EventDate "2017.01.09"]

1. d4 Nf6 2. c4 g6 3. Nc3 d5 4. cxd5 Nxd5 5. Na4 Bg7 6. e4 Nb6 7. Be3 O-O 8. Nf3
Nxa4 9. Qxa4 c5 10. Rd1 Bd7 11. Qa3 cxd4 12. Nxd4 Qc7 13. Be2 a6 14. O-O Nc6 15.
Nb3 Rad8 16. f4 Bc8 17. Rc1 Qd6 18. Bc5 Qe6 19. e5 g5 20. Bf3 Rfe8 21. Bb6 gxf4
22. Bxc6 bxc6 23. Nd4 Qd5 24. Nxc6 Rd7 25. Rxf4 Bb7 26. Rd4 Qb5 27. Qc5 Rxd4 28.
Qxb5 axb5 29. Bxd4 Kf8 30. Na5 Be4 31. Rc7 Bh6 32. g3 Rd8 33. Nb3 Rxd4 34. Nxd4
Be3+ 35. Kf1 Bxd4 36. b3 Bxe5 37. Rc8+ Kg7 38. a4 bxa4 1/2-1/2

[Event "15th Delhi Open 2017"]
[Site "New Delhi IND"]
[Date "2017.01.13"]
[Round "7.26"]
[White "Akash Pc, Iyer"]
[Black "Thakur, Akash"]
[Result "1/2-1/2"]
[BlackTitle "FM"]
[WhiteElo "2205"]
[BlackElo "2369"]
[WhiteFideId "5006775"]
[BlackFideId "5008514"]
[EventDate "2017.01.09"]

1. d4 d5 2. c4 c6 3. Nc3 Nf6 4. Nf3 dxc4 5. a4 Bf5 6. e3 e6 7. Bxc4 Bb4 8. O-O
O-O 9. Nh4 Nbd7 10. Nxf5 exf5 11. Qc2 Nb6 12. Be2 Qd7 13. a5 Nbd5 14. Bd2 a6 15.
Nxd5 Nxd5 16. Bxb4 Nxb4 17. Qb3 Qe7 18. Ra4 Nd5 19. Bf3 Rfd8 20. Rc1 g6 21. Rc5
Nf6 22. Rb4 Ra7 23. g3 Rd7 24. Kg2 Qe6 25. Re5 Qxb3 26. Rxb3 Ra8 27. Rc5 Re8 28.
h3 h5 29. Rc4 Kf8 30. Rc5 Ree7 31. Kf1 Ke8 32. Rb4 Kd8 33. Ke2 Rd6 34. Re5 Rc7
35. Rc5 Nd7 36. Rc3 Nf8 37. Rd3 Ne6 38. Rb6 Ng5 39. Bg2 Ne4 40. Bxe4 fxe4 41.
Rc3 Rcd7 42. Rc5 Kc7 43. Rb4 Rd5 44. Rbc4 R7d6 45. Kd2 b6 46. axb6+ Kxb6 47.
Rb4+ Kc7 48. Rbc4 Kb6 49. Rb4+ Kc7 50. Rbc4 Kb6 51. Rb4+ Kc7 1/2-1/2

[Event "15th Delhi Open 2017"]
[Site "New Delhi IND"]
[Date "2017.01.13"]
[Round "7.27"]
[White "Aradhya, Garg"]
[Black "Urazayev, Arystanbek"]
[Result "1-0"]
[BlackTitle "CM"]
[WhiteElo "2230"]
[BlackElo "2365"]
[WhiteFideId "25006746"]
[BlackFideId "13709810"]
[EventDate "2017.01.09"]

1. d4 d5 2. c4 c6 3. Nf3 Nf6 4. Nc3 e6 5. e3 Nbd7 6. Qc2 Bd6 7. Bd3 O-O 8. O-O
dxc4 9. Bxc4 b5 10. Be2 Bb7 11. e4 e5 12. dxe5 Nxe5 13. Nd4 Neg4 14. g3 Bxg3 15.
hxg3 Qxd4 16. Qd1 Qxd1 17. Rxd1 Rfe8 18. f3 Ne5 19. Be3 a5 20. b3 h6 21. Kg2 g5
22. Rd6 Re6 23. Rad1 a4 24. Rd8+ Re8 25. Rxa8 Rxa8 26. Rd6 Ne8 27. Rxh6 axb3 28.
axb3 f6 29. Rh1 Bc8 30. f4 Nf7 31. Bd4 Be6 32. b4 Rd8 33. Rd1 Bb3 34. Rd2 Ng7
35. Be3 Rxd2 36. Bxd2 gxf4 37. gxf4 Nd6 38. f5 Nge8 39. Kf2 Nc4 40. Bxc4+ Bxc4
41. Bf4 Kf7 42. Ke3 Ke7 43. Kd4 Kd7 44. Nb1 Nc7 45. Nd2 Bf7 46. Bxc7 Kxc7 47. e5
fxe5+ 48. Kxe5 Bd5 49. Ne4 Kd8 50. Nd6 Ba2 51. Kf6 Bd5 52. Nb7+ Kc7 53. Nc5 Kd6
54. Nb7+ Kc7 55. Nc5 Kd6 56. Kg7 Ke5 57. f6 Kd4 58. Na6 Ke5 59. f7 1-0

[Event "15th Delhi Open 2017"]
[Site "New Delhi IND"]
[Date "2017.01.13"]
[Round "7.28"]
[White "Nouri, Hamed"]
[Black "Gireman, Ja"]
[Result "1/2-1/2"]
[WhiteElo "2363"]
[BlackElo "2199"]
[WhiteFideId "5201454"]
[BlackFideId "5043794"]
[EventDate "2017.01.09"]

1. d4 Nf6 2. Bg5 g6 3. Bxf6 exf6 4. e3 Bg7 5. Ne2 c5 6. dxc5 O-O 7. g3 Na6 8.
Bg2 Nxc5 9. Nbc3 Re8 10. Qd6 Bf8 11. Qd4 d6 12. O-O-O a5 13. Rd2 Bd7 14. Rhd1
Rc8 15. Qf4 b5 16. Nd5 f5 17. Qh4 g5 18. Qh5 Bg7 19. h4 g4 20. Qg5 f6 21. Qf4
Re5 22. Qd4 Bc6 23. Nef4 Ba8 24. Kb1 b4 25. Qc4 Kh8 26. Qf1 Qe8 27. Nb6 Bxg2 28.
Qxg2 Rb8 29. Rxd6 Ne4 30. Rd7 Rb5 31. Na4 R5b7 32. Rxb7 Rxb7 33. b3 Rd7 34. Rd3
Bf8 35. Kc1 Qe5 36. Kb1 Nd2+ 37. Kc1 Ne4 38. Kb1 Nd2+ 39. Kc1 Ne4 1/2-1/2

[Event "15th Delhi Open 2017"]
[Site "New Delhi IND"]
[Date "2017.01.13"]
[Round "7.29"]
[White "Debarshi, Mukherjee"]
[Black "Dhulipalla, Bala Chandra Prasad"]
[Result "1/2-1/2"]
[WhiteElo "2193"]
[BlackElo "2353"]
[WhiteFideId "5007291"]
[BlackFideId "25005812"]
[EventDate "2017.01.09"]

1. d4 Nf6 2. c4 g6 3. Nc3 Bg7 4. e4 d6 5. Be2 O-O 6. Bg5 Na6 7. f4 c6 8. Qd2 d5
9. exd5 cxd5 10. Bxf6 exf6 11. Nxd5 b5 12. Ne3 bxc4 13. Bf3 Rb8 14. Ne2 Nb4 15.
Nxc4 Ba6 16. b3 Nd5 17. O-O Re8 18. Rf2 Bf8 19. Nc3 Nxc3 20. Qxc3 Bb4 21. Qd3
Qc7 22. g3 Rbd8 23. Rd1 Re7 24. Kg2 1/2-1/2

[Event "15th Delhi Open 2017"]
[Site "New Delhi IND"]
[Date "2017.01.13"]
[Round "7.30"]
[White "Kulkarni, Rakesh"]
[Black "Dodeja, Pawan"]
[Result "1/2-1/2"]
[WhiteElo "2344"]
[BlackElo "2189"]
[WhiteFideId "5037077"]
[BlackFideId "5012686"]
[EventDate "2017.01.09"]

1. e4 c6 2. c4 d5 3. exd5 cxd5 4. cxd5 Nf6 5. Qa4+ Nbd7 6. Nc3 g6 7. Nf3 Bg7 8.
Bc4 O-O 9. d3 Nb6 10. Qb3 Bg4 11. Ng5 Rc8 12. Be3 h6 13. Nge4 Nxe4 14. Nxe4 Qc7
15. Rc1 Qe5 16. O-O Nxc4 17. dxc4 Qxe4 18. f3 Bxf3 19. gxf3 Qe5 20. Bxa7 e6 21.
dxe6 fxe6 22. Rce1 Qxb2 23. Rxe6 Bd4+ 24. Bxd4 Qxd4+ 25. Rf2 Qxc4 26. Rxg6+ Kh7
27. Qxc4 Rxc4 28. Rg4 Rxg4+ 29. fxg4 Ra8 30. Kg2 Ra3 31. Rb2 Kg6 32. h4 b5 33.
Rc2 b4 34. Rb2 Rc3 35. Rxb4 Rc2+ 36. Kf3 Rxa2 37. Rb6+ Kg7 38. Rd6 Ra4 39. Re6
h5 40. gxh5 Rxh4 41. h6+ Rxh6 42. Rxh6 Kxh6 1/2-1/2